00801nam a2200193 a 450000100100000000500170001000800410002704000130006808200190008110000430010024500850014326000360022830000290026465000490029304900090034295201170035195201220046899900170059000001640020200929164417.0100304s1984 dr a 000 0 spa d aDO-SdBNP a624.171bM538m1 aMéndez Terrero, Julio César93656810aManual de análisis de cargas en estructuras /cJulio César Méndez Terrero. aSanto Domingo :bTaller,c1984. a[66 p.] :bil. ;c23 cm. 4aAnálisis estructurualx(ingenieria)936569 aBNPD 0010718PDaPDbPDcCTd2010-03-04iLF1l0o624.171 M538mp16400-10r2020-06-25w2020-06-25yLFPDZNo se presta 0010718PDaPDbPDcCTd2010-03-04iLF1l0o624.171 M538mp16400-20r2020-06-25te.2w2020-06-25yLFPDZNo se presta c15935d15935